|
|
|
|
| LEADER |
00000nas a2200000 a 4500 |
| 001 |
ssj0001454337 |
| 003 |
WaSeSS |
| 005 |
20200512172242.0 |
| 006 |
m d |
| 007 |
cr n |
| 008 |
050712c20069999nyuqr p s 0 a0eng c |
| 010 |
|
|
|a 2005214952
|
| 016 |
7 |
|
|a 101295936
|2 DNLM
|
| 022 |
|
|
|l 1556-8539
|y 1556-8539
|
| 035 |
|
|
|a (WaSeSS)ssj0001454337
|
| 037 |
|
|
|b Nova Science Publishers, 400 Oser Ave., Ste. 1600, Hauppauge, NY 11788-3619
|
| 040 |
|
|
|a NSD
|b eng
|c NSD
|d DLC
|d OCLCQ
|d NLM
|d OCLCQ
|d OCLCF
|d OCLCO
|d OCLCQ
|d WaSeSS
|
| 042 |
|
|
|a pcc
|a nsdp
|
| 050 |
0 |
0 |
|a QH588 .S83
|b J68
|
| 060 |
0 |
0 |
|a W1
|b JO904G
|
| 082 |
1 |
0 |
|a 616
|2 13
|
| 222 |
|
0 |
|a Journal of stem cells
|
| 245 |
0 |
0 |
|a Journal of stem cells
|h [electronic resource].
|
| 260 |
|
|
|a Hauppauge, N.Y. :
|b Nova,
|c ©2006-
|
| 310 |
|
|
|a Quarterly
|
| 362 |
0 |
|
|a Vol. 1, no. 1 (2006)-
|
| 500 |
|
|
|a Title from cover.
|
| 506 |
|
|
|a License restrictions may limit access.
|
| 650 |
|
0 |
|a Stem cells
|v Periodicals.
|
| 650 |
1 |
2 |
|a Stem Cells.
|
| 650 |
|
7 |
|a Stem cells.
|2 fast
|0 (OCoLC)fst01132975
|
| 655 |
|
0 |
|a Electronic journals.
|
| 850 |
|
|
|a DLC
|
| 856 |
4 |
0 |
|z Full text available from Research Library: 01/01/2011 to present
|u https://search.proquest.com/publication/2034826
|